Welcome to the Hyunam-dong Bookshop / (Record no. 13840)

000 -LEADER
fixed length control field 01464nam a2200241 4500
020 ## - ISBN
ISBN 9781526662286
082 ## - DEWEY DECIMAL CLASSIFICATION NUMBER
Classification number Fic B6301 2023
100 ## - MAIN ENTRY--PERSONAL NAME
Personal name Bo-reum, Hwang.
245 ## - TITLE STATEMENT
Title Welcome to the Hyunam-dong Bookshop /
Statement of responsibility, etc. by Hwang Bo-reum ; translated by Shanna Tan.
260 ## - PUBLICATION, DISTRIBUTION, ETC. (IMPRINT)
Place of publication, distribution, etc. London :
Name of publisher, distributor, etc. Bloomsbury Publishing,
Date of publication, distribution, etc. c2023.
300 ## - PHYSICAL DESCRIPTION
Extent/Page number vii, 301 p. :
Other physical details 20 cm.
520 ## - SUMMARY, ETC.
Summary, etc. Yeongju did everything she was supposed to, go to university, marry a decent man, get a respectable job. Then it all fell apart. Burned out, Yeongju abandons her old life, quits her high-flying career, and follows her dream. She opens a bookshop. In a quaint neighbourhood in Seoul, surrounded by books, Yeongju and her customers take refuge. From the lonely barista to the unhappily married coffee roaster, and the writer who sees something special in Yeongju - they all have disappointments in their past. The Hyunam-dong Bookshop becomes the place where they all learn how to truly live. This is a heart-warming story about finding comfort and acceptance in your life - and the healing power of books.
526 ## - STUDY PROGRAM INFORMATION NOTE
PROGRAM TYPE FICTION
650 ## - SUBJECT ADDED ENTRY--TOPICAL TERM
Topical term or geographic name as entry element Self-actualization (Psychology)--Fiction.
650 ## - SUBJECT ADDED ENTRY--TOPICAL TERM
Topical term or geographic name as entry element Divorced women -- Fiction.
650 ## - SUBJECT ADDED ENTRY--TOPICAL TERM
Topical term or geographic name as entry element Bookstores -- Fiction.
650 ## - SUBJECT ADDED ENTRY--TOPICAL TERM
Topical term or geographic name as entry element Books and reading -- Fiction.
650 ## - SUBJECT ADDED ENTRY--TOPICAL TERM
Topical term or geographic name as entry element Interpersonal relations -- Fiction.
650 ## - SUBJECT ADDED ENTRY--TOPICAL TERM
Topical term or geographic name as entry element Korea (South) -- Fiction.
650 ## - SUBJECT ADDED ENTRY--TOPICAL TERM
Topical term or geographic name as entry element Seoul (Korea) -- Fiction.
700 ## - ADDED ENTRY--PERSONAL NAME/OTHER AUTHORS
Personal name Tan, Shanna.
942 ## - ADDED ENTRY ELEMENTS
Classification
Item type Book
Holdings
Withdrawn status Lost status Source of classification or shelving scheme Damaged status Not for loan Collection code Permanent Location Current Location Shelving location Date acquired Source of acquisition Cost, normal purchase price Inventory number Total Checkouts Full call number Barcode Date last seen Date last checked out Copy number Cost, replacement price Price effective from Item type
          Fiction High School Library High School Library   2025-10-15 Library Budget 436.00 8260 1 Fic B6301 2023 HS8260 2026-02-04 2026-02-04 1 1072.00 2025-10-15 Book